00531nam a2200121Ia 4500008004100000245008600041245010800127260000900235650002500244856004800269999001900317952007300336171204s9999 xx 000 0 und d aAdolescent Identity Treatment: An Integrative Approach for Personality Pathology: cAndrés Borzutzky H., Anna E. Odom, Helen T. Arena, Pamela A. Foelsch, and Susanne Schlüter-Müller c2014 xPERSONALITY THEORIES uhttp://down.ebook777.com/053/3319068679.pdf c346479d346479 001040aCLbCLd2017-12-04l0r2017-12-04 00:00:00w2017-12-04yCBE